000 00861nam a22002897a 4500
001 3574
003 DO-SdBPM
005 20250108075849.0
007 3574
008 900123s1987 sp spa
020 _a8440200439 (v. 2)
040 _aDO-SdBPM
_bspa
_cBPMSU
082 4 _a843.8
_bV531J 1987
_222
092 _a843.8
_bV531ca
100 1 _aVerne, Julio
_d1828-1905
240 1 3 _aLa maison à vapeur
_lEspañol
245 1 0 _aJulio Verne :
_b La casa de vapor /
_cJulio Verne ; traducción E.M.A.
260 _aBarcelona:
_bEdiciones Orbis,
_c1987
300 _av. :
_bil. ;
_c20 cm.
490 0 _aJulio Verne,
_v48
590 _aInventariado, 2025/VM
650 4 _aNovela juvenil francesa
650 4 _aLiteratura juvenil francesa
_ySiglo XIX
700 1 _aE. M.A.
_ctraductor
910 _a VMateo V. Control de calidad. BPMSU
942 _2ddc
_cBK
999 _c8676
_d8676